Daňový systém Slovenska s dôrazom na zdaňovanie právnických osôb bakalárska práca

Na minha lista:
Detalhes bibliográficos
Autor principal: Belanová, Andrea
Autor Corporativo: Fakulta podnikového manažmentu EU. Katedra podnikových financií
Outros Autores: Vavrová, Katarína, 1960-
Formato: Livro
Idioma:eslovaco
Publicado em: Bratislava 2011
Tags: Adicionar Tag
Sem tags, seja o primeiro a adicionar uma tag!

MARC

LEADER 00000nbm a2200000 4500
001 0131216
005 20161109111415.8
041 0 |a slo 
044 |a SK 
245 1 0 |a Daňový systém Slovenska s dôrazom na zdaňovanie právnických osôb  |b bakalárska práca  |c Andrea Belanová ; školiteľ: Katarína Vavrová 
264 1 |a Bratislava  |c 2011 
300 |a 1 s. 
100 1 |a Belanová, Andrea 
700 1 |a Vavrová, Katarína, 1960- 
710 2 |a Fakulta podnikového manažmentu EU. Katedra podnikových financií